Modernización: movimientos de protesta y cambio social

Uloženo v:
Podrobná bibliografie
Hlavní autor: Eisenstadt, S. N (Autor)
Médium: Kniha
Jazyk:španělština
Vydáno: Buenos Aires Amorrortu 1968
Edice:Biblioteca de Sociología
Témata:
Tagy: Přidat tag
Žádné tagy, Buďte první, kdo vytvoří štítek k tomuto záznamu!

MARC

LEADER 00000nam a2200000 a 4500
001 UCQ0425
003 CL-VaPUC
008 980627e19680000AG |||||||||||||||||spa|d
082 0 4 |a 303.44  |b EIS  |2 21 
100 0 |a Eisenstadt, S. N  |e author  |9 413630 
245 1 0 |a Modernización: movimientos de protesta y cambio social 
300 |a 272 p 
942 |c BK 
945 |d 19980627 00:00:00  |a crobeson 
260 |a Buenos Aires  |b Amorrortu  |c 1968 
650 7 |a MODERNIZACION  |2 CL-VaPUC  |9 335311 
650 0 |a Cambio social   |9 256857 
650 0 |a Protesta social  |9 343153 
650 7 |a MALESTAR SOCIAL  |2 CL-VaPUC  |9 413631 
650 0 |a Conflicto social  |9 255404 
583 |a last modification  |c 19980627 00:00:00  |k Rodrigo Vera 
490 0 |a Biblioteca de Sociología 
999 |c 271555  |d 271553 
952 |0 0  |1 0  |4 0  |6 303_440000000000000_EIS_1968  |7 0  |8 A  |9 306239  |a BIBENE  |b BIBENE  |d 2019-11-20  |i 1424904  |o 303.44 EIS 1968  |p 1424904  |r 2025-01-15  |w 2019-11-20  |y BK  |k ICO 
952 |0 0  |1 0  |4 0  |6 303_440000000000000_EIS_1968  |7 0  |8 A  |9 306240  |a BIBENE  |b BIBENE  |d 2019-11-20  |i 1424912  |o 303.44 EIS 1968  |p 1424912  |r 2025-01-15  |w 2019-11-20  |y BK  |k ICO